Internal combustion engines (Record no. 24482)

000 -LEADER
fixed length control field 00576nam a22002051 4500
001 - CONTROL NUMBER
control field 24482
003 - CONTROL NUMBER IDENTIFIER
control field BD-DhUET
008 - FIXED-LENGTH DATA ELEMENTS--GENERAL INFORMATION
fixed length control field 681231s1968 paua b 001 0 eng
040 ## - CATALOGING SOURCE
Original cataloging agency DLC
Transcribing agency DLC
Modifying agency BD-DhUET
082 00 - DEWEY DECIMAL CLASSIFICATION NUMBER
Classification number 621.43
Item number OBE/1968
100 ## - MAIN ENTRY--PERSONAL NAME
Personal name Obert, Edward F.
245 10 - TITLE STATEMENT
Title Internal combustion engines
250 ## - EDITION STATEMENT
Edition statement 3rd ed.
260 ## - PUBLICATION, DISTRIBUTION, ETC. (IMPRINT)
Place of publication, distribution, etc. Scranton
Name of publisher, distributor, etc. International Textbook
Date of publication, distribution, etc. 1968
300 ## - PHYSICAL DESCRIPTION
Extent xiii, 736p.
Other physical details illus
490 0# - SERIES STATEMENT
Series statement International textbooks in mechanical engineering
504 ## - BIBLIOGRAPHY, ETC. NOTE
Bibliography, etc Includes bibliographies
650 #0 - SUBJECT ADDED ENTRY--TOPICAL TERM
Topical term or geographic name as entry element Internal combustion engines
942 ## - ADDED ENTRY ELEMENTS (KOHA)
Koha item type General Book
Holdings
Koha date last borrowed Koha full call number Not for loan Withdrawn status Koha issues (times borrowed) Lost status Price effective from Piece designation (barcode) Source of classification or shelving scheme Sublocation or collection (holding branch) Damaged status Shelving location Koha date last seen Koha item type Copy number Date acquired Location (home branch) Koha normalized classification for sorting
2019-09-28621.43/OBE/1968  2 2015-05-0919063 Central Library, BUET Circulation section2019-11-18General Book12015-05-09Central Library, BUET621_430000000000000_OBE_1968
 621.43/OBE/1968    2015-06-1632007 Central Library, BUET Reading section2015-06-16General Book22015-06-16Central Library, BUET621_430000000000000_OBE_1968
 621.43/OBE/1968    2015-06-1640437 Central Library, BUET Reading section2015-06-16Reading Item32015-06-16Central Library, BUET621_430000000000000_OBE_1968
 621.43/OBE/1968    2015-06-2319060 Central Library, BUET Reading section2015-06-23Reading Item42015-06-23Central Library, BUET621_430000000000000_OBE_1968
 621.43/OBE/1968    2015-07-0332117 Central Library, BUET Reading section2015-07-03Reading Item52015-07-03Central Library, BUET621_430000000000000_OBE_1968